000
00215nam a22001097a 4500
041
_a
eng
080
_a
80
100
_a
Lesowitz, Robert I.
245
_a
Rules for raising kids.
650
_a
Culture
999
_c
279181
_d
279181
942
_c
BK